000 00717nas a2200229 4500
001 BR8300656
003 BR-BrBNA
005 20231205085431.0
007 ta
008 230509b bl.|||p| |||| 00| 00por d
040 _aBR-BrBNA
_bpor
_cBiblioteca Nacional de Agricultura
041 _a(Pt)
072 _aP05
100 1 _aSilveira, R.
245 1 _aO gas no Rio de Janeiro: momento atual e perspectivas [Brasil]
246 1 _a[Gas in Rio de Janeiro: present and outlook [Brazil]]
650 _aGAS
650 _aRIO DE JANEIRO
773 0 _tEnergia Fontes Alternativas (Brazil)
_xISSN 0100-6371
_g(Jul 1982), v. 4(21) p. 16-22
_wBR8300656
909 _a202311
_bLúcia
_c55
_dLúcia Elande
942 _2AGRIS
_n0
_cANA
999 _c111415
_d111415